| 000 | 01163cab a2200241 4500 | ||
|---|---|---|---|
| 001 | ABS67399 | ||
| 008 | 040206n2004 000 0 eng u | ||
| 035 | _a(Sirsi) u125080 | ||
| 100 | _aJones, N. | ||
| 245 | _aLean offices tower over their peers | ||
| 260 | _c2004 | ||
| 490 |
_aEstates Gazette _v (0405) 31 January 2004, 142-143 (2) |
||
| 520 | _aWith reference to several recent reports on energy efficiency and tall buildings including one by the Corporation of London entitled "Tall building and sustainability", this article examines several ways in which advanced technologies and more sensitive designs could make today's tall buildings more energy efficient than smaller buildings. The author briefly looks at the following areas: energy-saving designs; facades that utilise natural ventilation; building management systems and the benefits of remote access. | ||
| 590 | _aABS | ||
| 650 | _aENERGY EFFICIENCY | ||
| 650 |
_aSustainability _96271 |
||
| 650 | _aBUILDING MANAGEMENT SYSTEMS | ||
| 650 | _aENERGY SAVING | ||
| 650 | _aFACADES | ||
| 650 | _aTALL BUILDINGS | ||
| 690 | _aBUILDING AND CONSTRUCTION-ENERGY MANAGEMENT | ||
| 942 | _n0 | ||
| 999 |
_c74142 _d74142 |
||